[Event "RUS-Cup4"]
[Site "Perm"]
[Date "1997.02.15"]
[Round "8"]
[White "Zakharov, Alexander V"]
[Black "Bashkov, Viacheslav"]
[Result "1/2-1/2"]
[WhiteElo "2375"]
[BlackElo "2435"]
[Annotator "Bangiev,A"]
[PlyCount "164"]
[EventDate "1997.02.02"]
[EventType "swiss"]
[EventRounds "9"]
[EventCountry "RUS"]
[SourceTitle "CBM 058"]
[Source "ChessBase"]
[SourceDate "1997.06.01"]
[SourceVersion "1"]
[SourceVersionDate "1997.06.01"]
[SourceQuality "1"]

1. e4 e6 2. Nf3 d5 3. Nc3 Nf6 4. e5 Nfd7 5. d4 c5 6. dxc5 Nc6 7. Bf4 Bxc5 8.
Bd3 h6 9. Bg3 a6 (9... b6 10. a3 Be7 11. O-O Nc5 12. Bb5 Bd7 13. Re1 a5 14. Bf1
O-O 15. Nd4 Nxd4 16. Qxd4 a4 17. Rad1 {Makarichev,S-Vogel,J/Amsterdam IBM-B
1974/1-0 (65)}) 10. h4 (10. O-O b5 (10... g5 11. h3 h5 12. Re1 g4 13. hxg4 hxg4
14. Nh2 Qg5 15. Qxg4 Qxg4 16. Nxg4 Rg8 17. Be2 Nd4 18. Bd1 Nxc2 19. Bxc2 Rxg4
20. Ne2 {Buchenau,F-Putzbach,G/BL2-N 1991/1-0 (52)}) 11. Re1 O-O 12. Ne2 b4 13.
c3 bxc3 14. bxc3 a5 15. Nf4 Ba6 16. Bc2 Rc8 17. Qd2 Re8 18. Nh5 {1-0 Gufeld,
E-Spassky,B/URS-ch27 Leningrad 1960 (33)}) (10. a3 Ba7 (10... Qc7 11. O-O O-O
12. Re1 Ne7 13. Ne2 Rd8 14. c3 Nf8 15. Nfd4 Bd7 16. Nf4 Bxd4 17. cxd4 Rdc8 18.
Nh5 $36 {Sarakauskas,G-Kaunas,K/LTU-ch Vilnius 1996/1-0 (48)}) 11. b4 Ncxe5 12.
Bxe5 Nxe5 13. Nxe5 Qc7 14. Qh5 Qxc3+ 15. Ke2 O-O 16. f4 Qc7 17. Raf1 $36 {
1-0 Rigo,J-Bednarski,J/Hamburg op 1984 (32)}) 10... b5 11. Qd2 Bb7 12. h5 $1 {
Ein lehrreicher Zug. Durch ihn wird der Punkt g7 als Angriffsobjekt für Weiß
festgelegt. Gleichzeitig wird das Feld h4 für die weißen Figuren freigemacht.}
Nb6 13. Qf4 Nc4 (13... O-O $2 14. Bh4 $5 Qc7 15. Bf6 $5 {Das Ziel des weißen
Angriffs ist der Punkt g7!} gxf6 (15... Rfc8 16. Rh3 $40) 16. Qxh6 $1 f5 (16...
Rfd8 17. exf6 $18) 17. Rh3 $18) 14. Bxc4 {Für viele noch etwas unerfahrene
Schachspieler ist es in ähnlichen Positionen häufig nicht leicht zu
entscheiden, mit welchem Bauern geschlagen werden soll.Da gibt es einerseits
die Regel, daß man immer in das Zentrum schlagen soll, in unserem Fall 14...
bxc. Andererseits gibt es auch Ausnahmen von dieser Regel.} dxc4 $6 {[%csl Ye4]
[%cal Yb7d5] Schwarz öffnet zwar die Diagonale h1-a8 für den Bb7, überläßt
aber andererseits das Feld e4 dem Weißen.} (14... bxc4 $142 $5 {[%csl Ge4]
[%cal Yb6b2,Yd8b6,Yd4f2]} 15. O-O (15. O-O-O Qa5 $132) 15... Qa5 16. Rad1 Be7
17. a3 $13) 15. Rd1 Qb6 16. Ne4 $5 {[%csl Yd6,Yf6] Ein typischer Zug für
derartige Positionen. Der weiße Springer nimmt auf e4 eine ideale Stellung
zwecks Schaffung von Drohungen gegen den schwarzen König ein.} (16. Bh4) 16...
Nb4 $5 {[%cal Yb7e4,Yb4c2] Schwarz beabsichtigt den Ne4 zu tauschen.} 17. O-O (
17. Rd6 Qc7 $13) (17. Nd6+ $5 Bxd6 18. Rxd6 Qa5 19. O-O O-O (19... Qxa2 $2 20.
Rd7 $3 Kxd7 21. Qxf7+ $40) 20. Bh4 (20. a3 $5 Nxc2 21. Rd2 (21. Bh4 c3 $5)
21... Nxa3 22. bxa3 Bxf3 $13) 20... Bxf3 (20... Qxa2 $2 21. Bf6 $1 gxf6 (21...
Bxf3 22. Qg3) 22. Qxh6 $18) 21. Qxf3 (21. gxf3 Nd5 22. Qg4 Kh8 $17) 21... Qxa2
22. Bf6 gxf6 23. exf6 Kh7 24. Qe4+ Kh8 25. Qf4 Kh7 26. Qe4+ $11) 17... Bxe4 (
17... Nxc2 $2 18. Rd6 $5 (18. Nxc5 Qxc5 19. Qd2 Bxf3 20. gxf3 Nb4 21. Qd7+ Kf8
22. Rd6 (22. Bh4 Nd3) 22... Kg8 $17) 18... Qc7 19. Rfd1 {/\20.Rd7} Bxd6 (19...
Bd5 20. R6xd5 $1 exd5 21. Rxd5 Be7 22. Nd6+ Bxd6 23. exd6 $16) 20. Nxd6+ Kf8
21. Qd2 Bxf3 22. gxf3 $14) 18. Qxe4 O-O 19. Bh4 {Nun gibt es gegen den Angriff
auf den Punkt g7 für den Schwarzen keine befriedigende Verteidigung mehr.} Nd5
20. g4 $5 (20. Qg4 Kh8) 20... Rae8 21. g5 $5 hxg5 (21... c3 $5 22. gxh6 gxh6
23. Rxd5 (23. Kh1 cxb2 24. Rg1+ Kh8 25. Rxd5 exd5 26. Qf4 (26. Qf5 Be7) 26...
f5) 23... exd5 24. Qg4+ Kh7 25. Qf5+ Kg8 26. Qg4+ (26. Kh1 Be7 27. Rg1+ Kh8 28.
Bf6+ Bxf6 29. exf6 Qxf2 30. Qf4 (30. Rg7 Re1+) 30... Qe3 $19) (26. Bf6 Qe6)
26... Kh7 $11 {Fazit: Schwarz kann sich verteidigen, aber solche Varianten
sind schwer zu berechnen.}) 22. Nxg5 $40 {[%csl Rh7]} f5 $8 23. exf6 Nxf6 $8
24. Qg6 $40 {Die Öffnung einer Stellung kommt meistens dem aktiver Stehenden
zugute,der weiße Angriff auf dem Königsflügel schlägt nun durch.} Qc7 25. Kg2
$6 (25. h6 $5 Kh8 (25... Re7 26. Rde1) 26. Rfe1 $40) 25... Re7 26. Bg3 Qc6+ 27.
f3 Qe8 $132 28. Rfe1 Qxg6 $6 (28... e5 $5) 29. hxg6 Rfe8 30. Bd6 $5 Bxd6 31.
Rxd6 $14 Nd5 32. Kg3 {[%csl Ra6,Re6]} c3 33. bxc3 a5 34. Nf7 {/\35.Rh1} (34.
Rexe6 $1 Rxe6 35. Nxe6 Nxc3 36. Rd7 Kh8 (36... Nxa2 37. Rxg7+ Kh8 38. Rh7+ Kg8
39. Nd4 $18) 37. a3 $16) 34... Kf8 (34... Nxc3 35. Rh1 Rxf7 {-> Text}) 35. Nd8
(35. Rh1 $1 Rxf7 (35... Nf6 36. Rh8+ Ng8 37. Ng5 $18) (35... Rc7 36. Rh8+ Ke7
37. Rxe8+ Kxe8 38. Rxe6+ $16) 36. Rh8+ Ke7 37. Rxe8+ Kxe8 38. gxf7+ Kxf7 39.
Rc6 $16) 35... Nxc3 36. Rh1 $6 (36. Nxe6+ Kg8 37. a3 Na4 38. Re5 $16) (36. Re5
$5 $16) 36... Kg8 37. Nf7 Rxf7 38. gxf7+ Kxf7 39. Rc6 $5 (39. a3 Rc8 40. Re1
Nd5 $5) 39... Nxa2 40. Ra1 (40. Rc5 b4 41. Rxa5 Nc3 42. Ra7+ Kf6 43. Rb7 Nd5 $1
{mit fester Stellung.}) 40... Nb4 41. Rc5 (41. Rc7+ $142 Re7 42. Rxe7+ Kxe7 43.
Rxa5 Nxc2 44. Rxb5) 41... a4 42. Rxb5 Nxc2 43. Rxa4 Ne3 44. Kf4 Nd5+ 45. Ke5
Re7 46. Rba5 Ne3 47. Ra6 g5 48. Re4 Nf5 49. Rc4 Rb7 50. Rac6 Rb3 51. Rc3 Rb5+
52. R6c5 Rb6 53. Rc7+ Kg6 54. R7c6 Rb5+ 55. R3c5 Rxc5+ 56. Rxc5 Nh4 $5 $132 57.
Rc3 {Schwarz hat hier gute Rettungschancen. Der weiße Turm steht passiv und
ist nicht in der Lage, die schwarzen Bauern anzugreifen.} Kf7 58. Rc7+ Kg6 59.
Rc3 Kf7 60. Ra3 Ng6+ 61. Kd6 Kf6 62. Re3 Kf5 $5 (62... Nf4 63. Re5 $16) 63.
Rxe6 Nh4 64. Kd5 Nxf3 $11 {Hier hat Weiß keine Gewinnchancen.} 65. Re8 Kf4 66.
Rf8+ Kg3 67. Ke4 g4 68. Rd8 Nh4 69. Ke3 Nf3 70. Ra8 Ng5 71. Ra5 Nh3 72. Ra2 Ng5
73. Ra1 Nh3 74. Rb1 Kh2 75. Rb2+ Kg3 76. Rb4 Ng5 77. Ke2 Nf3 78. Kf1 Nh2+ 79.
Ke2 Nf3 80. Ra4 Nh2 81. Ke3 Nf3 82. Ra2 Ng5 1/2-1/2

[Event "Belgrade GMA op"]
[Site "Belgrade"]
[Date "1988.??.??"]
[Round "?"]
[White "Cabrilo, Goran"]
[Black "Bareev, Evgeny"]
[Result "0-1"]
[WhiteElo "2510"]
[BlackElo "2560"]
[Annotator "Bareev,E"]
[PlyCount "108"]
[EventDate "1988.12.??"]
[EventType "swiss"]
[EventRounds "9"]
[EventCountry "YUG"]
[SourceTitle "TD"]
[Source "ChessBase"]
[SourceDate "1994.03.01"]
[SourceVersion "1"]
[SourceVersionDate "1994.03.01"]
[SourceQuality "1"]

1. e4 e6 2. d4 d5 3. Nc3 Nf6 4. e5 Nfd7 5. f4 c5 6. Nf3 Nc6 7. Be3 cxd4 8. Nxd4
Bc5 9. Qd2 O-O 10. O-O-O a6 11. Nb3 $146 (11. g4) (11. Kb1) 11... Bb4 (11...
Be7) 12. Bd3 (12. a3 $2 Be7 13. Bd3 b5 14. Ne2 b4) 12... b5 13. Rhf1 Nb6 (13...
f6 14. exf6 Qxf6 15. Nd4 $14) (13... Qc7 14. Rf3 {/}) 14. Qf2 Nc4 15. Bxc4 $5 (
15. Bc5 Bxc5 (15... Bxc3 16. bxc3 Re8 17. Bxc4 bxc4 18. Nd4 $11) 16. Nxc5 $11)
15... bxc4 16. Nd4 Ne7 $1 17. g4 f6 $1 18. exf6 Rxf6 19. Nde2 $1 (19. f5 exf5
20. Bg5 Rg6 $1 $15) 19... Rb8 $2 (19... Qc7 $15) 20. Ne4 $1 Rf8 21. c3 Ba5 22.
Qg3 $2 (22. Nd2 $1 {}) 22... Bb6 $1 23. a3 $6 (23. Nd2 Bxe3 24. Qxe3 Qa5 25.
Kb1 Qb5) (23. Ng5 h6 24. Nh3 Bd7 $13) 23... Qc7 $1 24. Ng5 (24. Nf2 $5) 24...
h6 25. Nh3 Bd7 {} 26. Nd4 Bc5 27. Rf2 Qa5 28. Rdd2 (28. Nc2 Bd6 $1 29. Bd4 Ba4
{.}) 28... Rb6 $2 (28... Bxa3 $1 29. bxa3 Qxc3+ 30. Kd1 (30. Nc2 Qb2+ 31. Kd1
Qb1+ 32. Ke2 c3) 30... Rb1+ 31. Ke2 Qc1 {}) 29. Kd1 $1 Rb7 30. Ke2 $2 (30. Ng1
$1 $13) 30... Nc8 $1 31. f5 exf5 32. gxf5 (32. Nxf5 Bxf5 33. Rxf5 (33. gxf5 Re7
34. Rxd5 Qb6 35. Re5 Qxb2+ 36. Kf3 Rxf5+ 37. Kg4 Rexe5 38. Rxb2 h5+ 39. Kh4
Rxe3) 33... Rxf5 34. gxf5 Re7 35. Rxd5 Qb6 36. Re5 Qxb2+ 37. Bd2 Bd6) 32...
Bxd4 $2 (32... Nd6 $1 33. Qe5 (33. f6 Rxf6 $1 34. Rxf6 Ne4) 33... Bxd4 $1 34.
Qxd6 (34. Bxd4 Re8) (34. cxd4 Ne4) (34. Rxd4 Rxb2+ 35. Kf1 Nxf5) (34. Qxd4 Bxf5
35. Qxd5+ Qxd5 36. Rxd5 Rxb2+ 37. Kd1 Rb1+ 38. Bc1 Rf6) 34... Bxe3 35. Kxe3
Re8+ 36. Kf4 d4 37. Kg3 Re3+ 38. Kg2 Bxf5) 33. Bxd4 Bxf5 34. Kf1 Qc7 $2 (34...
Qd8 $1 {}) 35. Nf4 $2 (35. Be5 $1) 35... Qd6 36. Nh5 Qxg3 37. hxg3 Nd6 38. Bc5
Bd3+ (38... Ne4 39. Bxf8 Nxd2+ 40. Rxd2 Kxf8 41. Nf4 $17) 39. Kg1 Rxf2 40. Rxf2
Ne4 41. Rf8+ Kh7 42. Bd4 g5 $2 (42... Kg6 43. Nf4+ Kg5 44. Ne6+ Kg4 45. Rf4+
Kh3 46. Be5 g5) 43. g4 Rxb2 44. Rf7+ $2 (44. Rh8+ Kg6 45. Ra8 Be2 46. Rxa6+ Kh7
(46... Kf7 47. Nf6 Bf3 48. Ra7+ Kf8 $19) 47. Ra7+ Kg8 48. Ra8+ Kf7 49. Ra7+ Kf8
$19) 44... Kg8 45. Ra7 Be2 46. Ra8+ Kf7 47. Ra7+ Kf8 $1 48. Ra8+ Ke7 49. Ra7+
Kd8 50. Ra8+ Kd7 51. Ra7+ Kc8 52. Ra8+ Kb7 53. Ra7+ Kb8 54. Rxa6 Bf3 0-1

[Event "Dortmund 44th"]
[Site "Dortmund"]
[Date "2016.07.09"]
[Round "1"]
[White "Najer, Evgeniy"]
[Black "Buhmann, Rainer"]
[Result "1-0"]
[WhiteElo "2687"]
[BlackElo "2653"]
[Annotator "Besenthal,K"]
[PlyCount "67"]
[EventDate "2016.07.09"]
[EventType "tourn"]
[EventRounds "7"]
[EventCountry "GER"]
[EventCategory "20"]
[SourceTitle "CBM 174"]
[Source "ChessBase"]
[SourceDate "2016.09.13"]
[SourceVersion "1"]
[SourceVersionDate "2016.09.13"]
[SourceQuality "1"]

1. e4 e6 2. d4 d5 3. Nc3 Nf6 4. e5 Nfd7 5. Nce2 c5 6. c3 Nc6 7. f4 Be7 8. Nf3
O-O 9. Be3 a5 10. h4 a4 11. Qc2 f5 12. Ng5 Nb6 13. dxc5 Nc4 14. Bg1 Qa5 15. Nd4
Nxd4 16. Bxd4 Bxc5 17. Bxc5 Qxc5 18. Bxc4 Qxc4 19. Qd2 Bd7 20. h5 Rfc8 21. h6 {
Diagramm [#]} a3 $5 {Buhmann entscheidet sich für den Weg nach vorne, doch am
Ende findet er nicht die richtige Fortsetzung.} (21... g6 22. a3 Ra6 23. Nf3
Bb5 24. Rd1 Qc5 25. Nd4 $11 {Der weiße Springer ist etwas besser als der
schwarze Läufer, ein Zustand, den Buhmann vielleicht nicht zementieren wollte.
}) 22. b3 Qxc3 23. Qxc3 Rxc3 24. hxg7 {Diagramm [#] Weiß hat am
Königsflügel gefährliche Drohungen kreiert.} Rc2 $1 {Hier spielt Schwarz
noch stringent geradeaus...} 25. Rxh7 Bc8 $4 {Diagramm [#] ... doch an diesen
grausamen Zug kann er eigentlich schon im Moment der Ausführung nicht
geglaubt haben.} (25... Rac8 $1 26. Rh8+ Kxg7 27. Rh7+ Kg6 28. Rxd7 Rh8 29. Nh3
Rxg2 30. Kf1 Rc2 31. Ng1 Rhh2 $15) 26. Rh2 $4 ({Najer findet} 26. Kd1 $1 Rxg2
27. Rh1 Kxg7 28. Rc1 $1 {nicht.}) 26... b6 $4 {Verpasst die einmalige Chance.}
(26... Ra5 $1 $11) 27. Nxe6 $1 Bxe6 28. Rh8+ Kxg7 29. Rxa8 d4 30. Rd1 Rxa2 31.
Rxd4 Bxb3 32. Ra7+ Kg6 33. Rd6+ Kh5 34. Rg7 $1 1-0

[Event "Kottnauer Memorial"]
[Site "Prague"]
[Date "1996.??.??"]
[Round "5"]
[White "Blatny, Pavel"]
[Black "Andersson, Ulf"]
[Result "0-1"]
[WhiteElo "2515"]
[BlackElo "2630"]
[Annotator "Blatny,P"]
[PlyCount "76"]
[EventDate "1996.06.??"]
[EventType "tourn"]
[EventRounds "10"]
[EventCountry "CSR"]
[EventCategory "12"]
[SourceTitle "CBM 054"]
[Source "ChessBase"]
[SourceDate "1996.10.01"]
[SourceVersion "1"]
[SourceVersionDate "1996.10.01"]
[SourceQuality "1"]

1. e4 {King Tsesarsky} e6 2. d4 d5 3. Nc3 Nf6 4. e5 Nfd7 5. f4 c5 6. Nf3 Nc6 7.
Be3 a6 8. Qd2 b5 9. Ne2 (9. dxc5 {Psakhis/} Bxc5 10. Bxc5 Nxc5 11. Qf2 $14 (11.
Qf2 {Tsesarsky} Qb6 12. Bd3 b4 13. Ne2 a5 14. O-O Ba6 15. Kh1 Bxd3 16. cxd3 Rb8
17. f5 exf5 18. Nf4 Ne6 $10 {Nunn,J-Nogeiras,J/Rotterdam/1989/0,5/60/})) 9...
b4 (9... cxd4 $6 10. Nexd4 Nxd4 11. Nxd4 (11. Bxd4 $142 $14) 11... Nc5 12. Bd3
Bd7 13. O-O-O $6 Qc7 14. Kb1 Be7 15. h4 h5 16. Nf3 b4 17. Bd4 Na4 $36 {<< Metz,
H-Sykora,R/Prague Metro (10) ;EXT 90 1990}) (9... Bb7 10. g3 (10. c3 {Tsesarsky
} Rc8 11. g3 cxd4 12. cxd4 Nb6 13. Nc3 Bb4 14. a3 Bxc3 15. bxc3 Na5 $15) 10...
Rc8 11. Bh3 g6 12. O-O cxd4 13. Nexd4 Nc5 $132 {Timman,J-Bareev,E/Linares (04)
;CBM 28 1992}) 10. h4 $5 $146 (10. g3 Qb6 11. Bh3 a5 12. c4 $6 bxc3 13. Nxc3
Ba6 14. dxc5 Nxc5 15. Rc1 $2 d4 $1 16. Nxd4 (16. Bxd4 Nxd4 17. Qxd4 Rd8 $19)
16... Nd3+ $19 {Seibold,H-Liedtke,M/BL2-O 9192 (1992) ;BL2 1992}) 10... Qb6 11.
h5 a5 (11... cxd4 12. Nexd4 Bc5 13. g4 f6 14. h6 $36 {>>}) 12. f5 $5 cxd4 (
12... exf5 13. Nf4 cxd4 (13... Ne7 $2 14. dxc5 Nxc5 15. Qf2 Nc6 16. Nxd5 Qd8
17. O-O-O Ne4 18. Qg1 $1 Bd7 19. Bb6 $18) 14. Nxd4 Nxd4 15. Bxd4 Qc6 16. h6 $1
$40) 13. Nexd4 Bc5 $8 14. fxe6 fxe6 15. Bb5 (15. Nxe6 $6 {Tsesarsky} Bxe3 16.
Qxd5 Bh6 $2 (16... Bb7 17. Nxg7+ $6 (17. Bb5 Bf2+ 18. Kf1 (18. Kd1 Ncb8 19.
Nxg7+ Kf8 20. Qe6 Qxe6 (20... Bxf3+ 21. gxf3 Qd4+ 22. Ke2 Kxg7 (22... Qxe5+ 23.
Kxf2 Qxg7 24. Rad1 $40) 23. Qe7+ Kh6 (23... Kg8 24. Rag1+ Bxg1 25. Rxg1+ Qxg1
26. Bc4#) 24. Qe6+ Kg5 25. Qe7+ (25. Rag1+ Bxg1 26. Qe7+ Kh6 (26... Kf4 27.
Rh4+ Kf5 28. Rxd4 Bxd4 29. Bd3+ (29. Bxd7+ $4 Nxd7 30. Qxd7+ Kxe5 31. f4+ Ke4
$15) 29... Kf4 30. Qh4+ Kxe5 31. Qe4+ Kf6 32. Qxd4+ $18) 27. Qe6+ Kg7 28. Qe7+
$10) 25... Kf4 26. Qf7+ Kxe5 27. Qe7+ Kf4 $17) 21. Nxe6+ Ke7 $15) 18... Bg3 19.
Nxg7+ Kd8 20. Ne6+ (20. Ke2 Ncxe5 $19) 20... Kc8 $19) 17... Kd8 (17... Ke7 18.
Qd6+) 18. Ne6+ (18. Rd1 $2 Bf2+ 19. Ke2 Qe3#) (18. Qd3 Bf2+ 19. Kd1 Nd4 20.
Nxd4 Bxd4 21. e6 $2 (21. Ne6+ Qxe6 22. Qxd4 Qxe5 23. Qxe5 Nxe5 $19) 21... Ne5
$19) 18... Kc8) 17. Bc4 Ba6 $6 (17... Bb7 18. Nxg7+ Bxg7 19. Qf7+ Kd8 20. O-O-O
$1 (20. e6 $2 Qe3+ 21. Kf1 Nce5 22. Qxg7 Bxf3 (22... Nxf3 23. Qxd7#) 23. exd7
Nxc4 24. Qxh8+ Kc7 25. d8=Q+ Rxd8 26. Qg7+ Kc8 27. gxf3 Qxf3+ (27... Rd2 $2 28.
Qg4+ Kb8 29. Qg3+ Ne5 30. Re1 $18) (27... Nd2+ $1 28. Kg2 Qxf3+ 29. Kg1 (29.
Kh2 Ne4 $19) 29... Qe3+ (29... Rd5 30. Re1 $1 Ne4 $10) (29... Rd4 30. Qg8+ Kc7
31. Qxh7+ Kc6 32. Qg6+ Kb5 33. c4+ bxc3 34. Qe8+ Ka6 $10) 30. Kg2 Qe2+ 31. Kg3
Ne4+ 32. Kf4 (32. Kh4 Qf2+ 33. Kh3 Qe3+ 34. Kh4 Nf2 $19) 32... Nc5 $19) 28. Kg1
Rd2 $2 (28... Qe3+ $10) 29. Qg8+ Kb7 30. Qxh7+ Ka6 31. Qg6+ Nd6 32. Rh2 $18)
20... Bh6+ 21. Kb1 $16) (17... Qe3+ $2 18. Kf1 Ndxe5 $2 (18... Qb6 19. Nxg7+ (
19. Rd1 Ra7 20. Nxg7+ Bxg7 21. Qf7+ Kd8 22. Qxg7 $18) 19... Bxg7 20. Qf7+ Kd8
21. Qxg7 Rf8 22. Rd1 (22. e6 Qc5 23. exd7 Rxf3+ $8 (23... Qxc4+ $2 24. Ke1 (24.
Kg1 $6 Qc5+) 24... Qe6+ 25. Kf2 Qf5 26. dxc8=Q+ $18) 24. gxf3 Qxc4+ 25. Ke1
Bxd7 26. Qh8+ Be8 27. Rd1+ Kc7 28. Rh2 $15) 22... Qc5 23. Rh4 Ncxe5 24. Rd5
Rxf3+ $8 25. gxf3 Qe3 26. Qf6+ Kc7 27. Qd6+ Kd8 28. Be2 Ba6 29. Bxa6 Qxf3+ 30.
Kg1 Qg3+ 31. Kf1 $10) 19. Nxe5 Nxe5 20. Qd8+ Kf7 21. Ng5#) 18. Nxg7+ Bxg7 19.
Qf7+ Kd8 20. O-O-O $1 Bh6+ 21. Kb1 Ne7 22. e6 $16) 15... Nxd4 (15... Bxd4 $6
16. Nxd4 Nxd4 (16... Ncxe5 $2 17. Nf5 Qd8 18. Nxg7+ Kf7 19. O-O+ Nf6 (19...
Kxg7 20. Bh6+ Kg8 21. Qf4 $18) 20. Qd4 Ned7 21. Nxe6 Kxe6 22. Bg5 $18) 17.
Bxd7+ Bxd7 18. Bxd4 Qb5 19. h6 $16) 16. Bxd7+ (16. Nxd4 O-O $15 (16... O-O {
Tsesarsky} 17. Bxd7 Bxd7 18. O-O-O b3 $1 19. axb3 (19. cxb3 a4 $15) 19... a4
$15)) 16... Bxd7 17. Bxd4 O-O 18. Rh4 Rf5 19. Qe3 (19. Bxc5 {Tsesarsky} Qxc5
20. O-O-O Rc8 $15) 19... Rc8 $10 20. Bxc5 Qxc5 21. Nd4 (21. Qxc5 Rxc5 22. Kd2
$15 {_|_}) 21... Rf7 {King: White would have a good position if he didn't have
to worry about his king. If 22 0-0-0, then he must contend with 22...a4 and 23.
..a3, upsetting his position.} 22. g3 (22. Rf4 Rxf4 23. Qxf4 a4 $36) 22... a4
23. Rf4 Be8 $1 24. h6 $5 {King: White attempts to expose Black's king, but the
bishop is there to cover.} (24. Rxf7 Bxf7 25. g4 (25. h6 {Tsesarsky} gxh6 $32
$15) 25... Qe7 $15 (25... a3 $15)) 24... a3 {King: It is useful to put the
pawn on a3 in any case: so that the c3 square can be used, but also to target
the a2 pawn.} 25. bxa3 (25. Rxf7 Bxf7 26. bxa3 (26. hxg7 {Tsesarsky} axb2 27.
Rb1 Qc3+ 28. Qxc3 bxc3 $19) 26... bxa3 27. hxg7 Rb8 $17 {_|_}) (25. b3 Rxf4 26.
gxf4 gxh6 (26... Qc3+ $6 27. Qxc3 Rxc3 28. Nxe6) 27. O-O-O Bg6 28. Rg1 $44)
25... bxa3 26. Rb1 (26. hxg7 {Tsesarsky} Rxg7 27. Rb1 Qa5+ 28. Kf2 Bg6 $15)
26... gxh6 27. Kd2 $2 $138 (27. Rxf7 $142 Bxf7 28. Rb3 Bg6 29. Kd2 $1 $13 Bxc2
$140 $4 30. Rc3 $1 $8 Qxc3+ 31. Qxc3 Rxc3 32. Kxc3 $18 {_|_ Nd4>Bc2, ><e6, /
\Kb3-Kxa3-Kb3, o^a}) (27. Rb3 $5 $15 {Tsesarsky}) 27... Rxf4 $1 28. gxf4 Bg6
29. Rb5 (29. Rb3 $142 Bxc2 (29... h5 $5) 30. Rc3 (30. Nxe6 Qa5+ 31. Rc3 Qb4 $3
32. Nd4 Bg6 $19 {עd2}) 30... Qxc3+ 31. Qxc3 Rxc3 32. Kxc3 Bb1 (32... Bf5 $2
33. Nxf5 exf5 34. Kd4 $1 $10) 33. Nxe6 $8 Kf7 34. Nd4 Bxa2 $17 {_|_ o^h}) 29...
Qc4 30. Rb3 (30. Rb7 {Tsesarsky} Bxc2 31. Nxe6 Qxa2 32. Ke1 Qa1+ 33. Kf2 a2 34.
Qf3 Qc1 $19) 30... h5 $1 {(.)} (30... Bxc2 31. Nxe6 (31. Rxa3 Qb4+ 32. Ke2 (32.
Rc3 Bg6 $19) 32... Qb2 $19) (31. Rc3 Qxc3+ 32. Qxc3 Rxc3 33. Kxc3 Bb1 34. Nxe6
Kf7 35. Nd4 Bxa2 $17 {_|_}) 31... d4 $1 (31... Bxb3 $2 32. Qg3+ Kf7 33. Qg7+
Kxe6 34. Qf6+ Kd7 35. Qd6+ Ke8 36. Qe6+ Kf8 37. Qf6+ Kg8 38. Qe6+ $10) 32. Nxd4
(32. Qg1+ Bg6 33. Nxd4 Rd8 $19) 32... Bxb3 33. Qxb3 Qxb3 34. Nxb3 Rc4 $19 {_|_}
) 31. c3 (31. Rc3 Qb4 $1 32. Nxe6 Rc4 $19) (31. Rxa3 $5 {Tsesarsky} Qb4+ 32.
Kc1 (32. Ke2 Bxc2 33. Ra7 Qb6 34. Rg7+ Kh8 $1 (34... Kxg7 35. Nf5+ Bxf5 36.
Qxb6 Rc2+ 37. Ke3 Rxa2 38. Qd8 Rg2 39. Qf6+ Kg8 40. Qd8+ Kf7 41. Qd7+ Kg6 42.
Qe8+ Kh6 43. Qf8+ Rg7 44. Qf6+ $10) 35. Re7 Qb2 36. Qd2 Rg8 $19) 32... Qc5 33.
Kd2 Bxc2 34. Nxe6 Qb4+ 35. Rc3 Bg6 36. Nd4 Rc4 37. Nc2 d4 $19) 31... Qf1 32.
Qf3 $138 (32. Rxa3 $8 Qb1 33. Qh3 $1 Qb2+ 34. Kd1 Rb8 $1 35. Rb3 $1 (35. Qxe6+
Bf7 $19) 35... Qa1+ 36. Kd2 Qxa2+ 37. Ke1 Re8 $5 (37... Rxb3 $2 38. Qxe6+ Bf7
39. Qc8+ Kg7 40. Nf5+ Kg6 41. Nh4+ Kg7 42. Nf5+ $10) 38. Rb6 Kh8 $17) (32. Rb7
{Tsesarsky} Qg2+ 33. Qe2 Qg3 34. Qf3 Qh2+ 35. Ne2 Bf5 $19) (32. Nxe6 {Tsesarsky
} Bf5 33. Nd4 Bg4 34. Ne2 (34. Qg3 Qd1+ 35. Ke3 Qxb3 (35... Qa1 36. Kd3 Qxa2 (
36... Qf1+ 37. Ke3 Qc1+ 38. Kf2 Qd2+ 39. Kg1 Qxa2 40. Qh4 Qd2 41. Qg5+ $10) 37.
Qh4 $10) 36. Nxb3 Rxc3+ 37. Kf2 Rxg3 38. Kxg3 Bf5 $15 39. Nd4 Bd3 40. f5 Bc4
41. Kf4 Bxa2 42. Nb5 d4 43. Nxa3 d3 44. Ke3 h4 $19) 34... d4 $1) 32... Qa1 $19
33. f5 Qxa2+ 34. Kd3 Rf8 $1 35. Rb6 (35. Ke3 {Tsesarsky} Qh2 36. Rxa3 Qxe5+ $19
) 35... Qc4+ 36. Kd2 (36. Kc2 {Tsesarsky} Bxf5+ 37. Nxf5 Rxf5 38. Qg3+ Qg4 39.
Qxg4+ hxg4 $19) 36... a2 37. Nxe6 a1=Q 38. fxg6 Qca2+ (38... Rxf3 $4 {Tsesarsky
} 39. Rb8+ Rf8 40. Rxf8#) (38... Qca2+ {Tsesarsky} 39. Kd3 Rxf3+ 40. Kd4 Qc4#)
0-1